000 00529nam a2200217Ia 4500
003 OSt
005 20220928141015.0
006 a|||||r|||| 00| 0
007 ta
008 220927b |||||||| |||| 00| 0 eng d
024 _a12713
037 _cTextual
040 _aSDCL
_cSDCL
_beng
041 _2eng
_aeng
082 _aO-,3N00x, K2
100 _aHolman Hugh C
_9498376
245 0 _aThomas wolfe reader.
260 _c1962
942 _hO-,3N00x, K2
_cTEXL
_2CC
999 _c815122
_d815122